[Event "AUTO-ADV-1276"]
[Site "http://www.queenalice.com/game.php?id=565968"]
[Date "2009.4.3"]
[Round "1"]
[White "MalucoO"]
[Black "kingg"]
[Result "1-0"]
[WhiteElo "2100"]
[BlackElo "1769"]

1. d4 d5 2. c4 dxc4 3. e3 Qd5 4. Nc3 Qc6 5. Nf3 Nd7 6. Bd2 Qb6 7. Bxc4 e6 8. O-O
Qxb2 9. Rb1 Qa3 10. Nb5 Qe7 11. Nxc7+ Kd8 12. Nxa8 Ndf6 13. Ne5 Bd7 14. Rxb7 Qd6
15. Nxf7+ Ke7 16. Nxd6 Kxd6 17. Rc7 Bc6 18. Bb4# 1-0

[Event "AUTO-ADV-1276"]
[Site "http://www.queenalice.com/game.php?id=565969"]
[Date "2009.4.3"]
[Round "1"]
[White "kingg"]
[Black "MalucoO"]
[Result "1-0"]
[WhiteElo "1734"]
[BlackElo "1869"]

1. e4 c5 2. f4 e5 3. fxe5 Qh4+ 4. Ke2 Qxe4+ 5. Kf2 Nc6 6. c3 Nh6 7. d3 Ng4+ 8.
Kg3 Qxe5+ 9. Bf4 Nf2 10. Kxf2 Qxf4+ 11. Nf3 d5 12. Qe2+ Be6 13. Na3 O-O-O 14.
Nb5 a6 15. Na3 Bd6 16. Qe3 Qf6 17. c4 d4 18. Qg5 Qxg5 19. Nxg5 h6 20. Nf3 Rhe8
21. Be2 Bf4 22. g3 Be3+ 23. Kg2 Nb4 24. Ne5 f6 25. Ng6 Bd7 26. Bh5 1-0

[Event "Let's Play Chess!"]
[Site "http://www.queenalice.com/game.php?id=567628"]
[Date "2009.4.6"]
[Round "-"]
[White "kingg"]
[Black "kingdave"]
[Result "0-1"]
[WhiteElo "1708"]
[BlackElo "1884"]

1. e4 Nf6 2. d3 e5 3. Nf3 Nc6 4. Nc3 Bb4 5. a3 Ba5 6. Be2 d5 7. b4 Bb6 8. b5 Nd4
9. Nxe5 Ba5 10. Bd2 Qd6 11. Bf4 Bxc3+ 12. Kf1 Nxe2 13. Kxe2 Bxe5 14. g3 Bxf4 15.
gxf4 Qxf4 16. Re1 Bg4+ 17. Kf1 Bxd1 18. Rexd1 Ng4 19. Kg2 Qxf2+ 20. Kh3 Qf3+ 21.
Kh4 g5+ 22. Kh5 Ne3+ 0-1

[Event "AUTO-OPEN-1509"]
[Site "http://www.queenalice.com/game.php?id=569973"]
[Date "2009.4.10"]
[Round "1"]
[White "SeteGalos"]
[Black "kingg"]
[Result "1-0"]
[WhiteElo "1500"]
[BlackElo "1740"]

1. e4 e5 2. Nf3 Nc6 3. Bb5 f6 4. d4 Qe7 5. Nc3 Qd6 6. d5 a6 7. O-O Nd4 8. Nxd4
exd4 9. Qxd4 c5 10. Qa4 Nh6 11. Bxh6 gxh6 12. Be2 Qe5 13. Rad1 Bd6 14. f4 Qe7
15. e5 fxe5 16. Ne4 exf4 17. Bh5+ Kf8 18. Nxd6 Qxd6 19. Qxf4+ Qxf4 20. Rxf4+ Ke7
21. d6+ Kd8 22. Rdf1 1-0

[Event "AUTO-OPEN-1509"]
[Site "http://www.queenalice.com/game.php?id=569974"]
[Date "2009.4.10"]
[Round "1"]
[White "kingg"]
[Black "SeteGalos"]
[Result "0-1"]
[WhiteElo "1740"]
[BlackElo "1820"]

1. e4 c5 2. c4 Nc6 3. Na3 Nf6 4. Qe2 d6 5. Nf3 Bg4 6. Qe3 Bxf3 7. Qxf3 g6 8. d3
Bg7 9. Be2 O-O 10. O-O Nd4 11. Qe3 a6 12. b3 Nd5 13. exd5 Nxe2+ 14. Qxe2 Bxa1
15. Bh6 Bg7 16. Bg5 Qa5 17. Nb1 Rfe8 18. a4 e6 19. Qd1 exd5 20. cxd5 Qb4 21. Nd2
Qd4 22. Qf3 Re5 23. Nc4 Rxg5 24. Nxd6 Qxd5 25. Nxb7 Qxf3 0-1

[Event "AUTO-OPEN-1509"]
[Site "http://www.queenalice.com/game.php?id=570003"]
[Date "2009.4.10"]
[Round "1"]
[White "kingg"]
[Black "Dalri_Ultreya"]
[Result "1-0"]
[WhiteElo "1722"]
[BlackElo "1768"]

1. e4 e5 2. Nf3 Nc6 3. Bb5 Nf6 4. d3 a6 5. Bxc6 dxc6 6. Nxe5 Bd6 7. Nc4 O-O 8.
e5 Ng4 9. exd6 cxd6 10. Bf4 d5 11. Ne5 Nxe5 12. Bxe5 Re8 13. f4 f6 14. Qe2 fxe5
15. fxe5 Qg5 16. d4 Bg4 17. Qd2 Qf5 18. Nc3 b5 19. h3 Rxe5+ 20. Ne2 Rxe2+ 21.
Qxe2 Bxe2 22. Kxe2 Qxc2+ 23. Kf1 Rf8+ 24. Kg1 Qxb2 25. Kh2 Rf2 26. Rag1 Qxd4 27.
Kg3 Qe3+ 28. Kh4 Qf4+ 29. g4 Qg5+ 30. Kxg5 1-0

[Event "AUTO-OPEN-1509"]
[Site "http://www.queenalice.com/game.php?id=570004"]
[Date "2009.4.10"]
[Round "1"]
[White "Dalri_Ultreya"]
[Black "kingg"]
[Result "1-0"]
[WhiteElo "1780"]
[BlackElo "1698"]

1. d4 d5 2. Nf3 Nc6 3. Nc3 e6 4. Bf4 Bb4 5. e3 Nf6 6. Bb5 Ne4 7. O-O O-O 8. Nxe4
dxe4 9. Ne5 Qd5 10. Bc4 Qa5 11. c3 Bd6 12. b4 Qb6 13. a4 Bxe5 14. a5 Nxa5 15.
bxa5 Qc6 16. Ra4 b5 17. Bxb5 Qxb5 18. dxe5 Bd7 19. Rxe4 Qxa5 20. Qxd7 Rad8 21.
Qc6 Rb8 22. Ra4 Qd5 23. Qxd5 exd5 24. Rxa7 f6 25. Rxc7 Rbe8 26. exf6 Rxf6 27.
Rc5 Rf5 28. Rb5 g5 29. g4 Rf7 30. Bxg5 Rg7 31. Rxd5 h6 32. Bxh6 Rxg4+ 33. Kh1
Re6 34. Rg5+ Rxg5 35. Bxg5 Kg7 36. c4 Rc6 37. Rc1 Rc5 38. f4 Kg6 39. Kg2 Kf5 40.
Kf3 Rc8 41. c5 Kg6 42. c6 Kf7 43. c7 Ke6 44. Bd8 Kd7 45. Rd1+ Kc6 46. h4 1-0

[Event "AUTO-OPEN-1509"]
[Site "http://www.queenalice.com/game.php?id=570005"]
[Date "2009.4.10"]
[Round "1"]
[White "kingg"]
[Black "AASFIGUEIREDO"]
[Result "0-1"]
[WhiteElo "1744"]
[BlackElo "1877"]

1. e4 e5 2. Nf3 Nc6 3. Bb5 Nf6 4. d3 d6 5. O-O Bd7 6. Nc3 Be7 7. Bg5 a6 8. Bc4
Bg4 9. h3 Bh5 10. g4 Bg6 11. h4 Nxg4 12. Qd2 h6 13. Bxe7 Qxe7 14. Qe2 O-O-O 15.
Bd5 Qd7 16. Kh1 Bh5 17. Rg1 Nf6 18. Rxg7 Qh3+ 19. Kg1 Bxf3 20. Qxf3 Qxf3 21.
Bxf7 Kb8 22. Be6 Rdf8 23. Nd1 Nd4 24. Nc3 Nxe6 25. Rg3 Rhg8 26. Nd5 Rxg3+ 27.
fxg3 Qxg3+ 28. Kh1 Rg8 29. Nxf6 Qg2# 0-1

[Event "AUTO-OPEN-1509"]
[Site "http://www.queenalice.com/game.php?id=570006"]
[Date "2009.4.10"]
[Round "1"]
[White "AASFIGUEIREDO"]
[Black "kingg"]
[Result "1-0"]
[WhiteElo "1912"]
[BlackElo "1740"]

1. e4 e5 2. Nf3 Nf6 3. Nxe5 Nxe4 4. Qe2 d5 5. Nc3 Qe7 6. d4 Nc6 7. Nxc6 bxc6 8.
a3 Bf5 9. Be3 Qf6 10. f3 Nd6 11. Bg5+ Qe6 12. Qxe6+ fxe6 13. Rc1 h6 14. Bf4 Nc4
15. Bxc4 g5 16. Bxd5 exd5 17. Bxc7 Bg7 18. Be5 Rg8 19. O-O O-O-O 20. Na4 Rde8
21. Rfe1 g4 22. fxg4 Bxg4 23. h3 Bf5 24. Kh1 Be4 25. Bxg7 Rxg7 26. Re2 Bxg2+ 27.
Rxg2 Rge7 28. Rg6 Re4 29. Rxc6+ Kd7 30. Rxh6 Rxd4 31. Nc5+ Kc8 32. Rc6+ Kb8 33.
Rg1 Rh8 34. Kh2 Rd2+ 35. Rg2 Rd4 36. Rf6 Rdh4 37. Rg3 Rc4 38. Rc3 Rd4 39. Rd3
Rc4 40. Rc3 Rxc3 41. bxc3 Rh4 42. Rc6 Rc4 43. Nd7+ Kb7 44. Rxc4 dxc4 45. h4 Kc7
46. Ne5 Kd6 47. Nxc4+ Kc5 48. Nd2 a5 49. h5 1-0

[Event "AUTO-ADV-1245"]
[Site "http://www.queenalice.com/game.php?id=575809"]
[Date "2009.4.22"]
[Round "2"]
[White "cinics"]
[Black "kingg"]
[Result "1-0"]
[WhiteElo "2287"]
[BlackElo "1738"]

1. e4 e5 2. Nf3 Nc6 3. d4 d6 4. Nc3 f5 5. d5 Nd4 6. Nxd4 exd4 7. Qxd4 Nf6 8. Bg5
h6 9. Bxf6 gxf6 10. Bb5+ Bd7 11. Bxd7+ Qxd7 12. Qxf6 Bg7 13. Qg6+ Qf7 14. Qxf7+
Kxf7 15. Rb1 Rae8 16. f3 Bxc3+ 17. bxc3 fxe4 18. O-O e3 19. Rxb7 e2 20. Rxc7+
Re7 21. Rxe7+ Kxe7 22. Re1 Kd7 23. Rxe2 Rc8 24. Re3 Rc5 25. c4 a5 26. Rc3 Ke7
27. Kf2 Kf6 28. Ke3 Kf5 29. g4+ 1-0

[Event "AUTO-ADV-1245"]
[Site "http://www.queenalice.com/game.php?id=575810"]
[Date "2009.4.22"]
[Round "2"]
[White "kingg"]
[Black "cinics"]
[Result "0-1"]
[WhiteElo "1736"]
[BlackElo "2288"]

1. e4 c5 2. Bc4 Nc6 3. Qf3 Ne5 4. Qe2 Nxc4 5. Qxc4 d6 6. d3 Nf6 7. Nf3 Be6 8.
Qb5+ Qd7 9. Qxd7+ Kxd7 10. O-O g6 11. Nc3 Bg7 12. Be3 Ng4 13. Nd5 Bxd5 14. exd5
e6 15. Ng5 exd5 16. Nxf7 Rhe8 17. Ng5 h6 18. f3 Nxe3 19. Rfe1 hxg5 20. Rec1 Bxb2
21. Rcb1 Bxa1 22. Rxa1 Nxc2 23. Rb1 Re1+ 24. Rxe1 Nxe1 25. Kf2 Re8 26. g3 c4 27.
d4 c3 0-1

[Event "AUTO-ADV-1245"]
[Site "http://www.queenalice.com/game.php?id=575815"]
[Date "2009.4.22"]
[Round "2"]
[White "kingg"]
[Black "DORLISS"]
[Result "0-1"]
[WhiteElo "1733"]
[BlackElo "1849"]

1. e4 e5 2. Nf3 Nc6 3. d3 Bc5 4. Be2 Nf6 5. O-O O-O 6. Na3 d6 7. c3 Nh5 8. Nd4
Nf6 9. Bh5 exd4 10. Bf4 Ne5 11. b4 Bb6 12. cxd4 Bxd4 13. Rc1 Bg4 14. Qb3 Nxh5
15. Bxe5 Bxe5 16. f3 Be6 17. Qc2 Qh4 18. g3 Nxg3 19. Rf2 Bd4 20. hxg3 Qxg3+ 21.
Kf1 Bh3+ 22. Rg2 Qxf3+ 23. Ke1 Bxg2 24. Qc4 Be3 25. d4 Bxc1 26. Qxc1 Qxe4+ 27.
Kd2 Qxd4+ 28. Kc2 Rfe8 29. Nb5 Re2+ 30. Kb3 Bd5+ 31. Ka3 Rxa2# 0-1

[Event "AUTO-ADV-1245"]
[Site "http://www.queenalice.com/game.php?id=575816"]
[Date "2009.4.22"]
[Round "2"]
[White "DORLISS"]
[Black "kingg"]
[Result "1-0"]
[WhiteElo "1871"]
[BlackElo "1755"]

1. e4 e5 2. Nf3 Nc6 3. Bb5 Bc5 4. O-O Nd4 5. Nxd4 Bxd4 6. c3 Bc5 7. d4 exd4 8.
cxd4 c6 9. Bc4 Bb6 10. Nc3 Nf6 11. e5 Nd5 12. Nxd5 cxd5 13. Bxd5 O-O 14. Be3 d6
15. Qh5 Be6 16. Be4 d5 17. Qxh7# 1-0

[Event "AUTO-ADV-1245"]
[Site "http://www.queenalice.com/game.php?id=575817"]
[Date "2009.4.22"]
[Round "2"]
[White "kingg"]
[Black "strangy"]
[Result "0-1"]
[WhiteElo "1751"]
[BlackElo "1824"]

1. e4 d6 2. d4 Nf6 3. Bc4 Nxe4 4. Qf3 d5 5. Bd3 Nf6 6. Bg5 Nbd7 7. Nc3 e6 8.
O-O-O c5 9. dxc5 Bxc5 10. Nge2 Qc7 11. Nb5 Qb8 12. Rhe1 a6 13. Nbd4 Ne5 14. Qh3
Nxd3+ 15. cxd3 Be7 16. Nf4 h6 17. Bxf6 Qxf4+ 18. Qe3 Qxe3+ 19. Rxe3 Bxf6 20. Nf3
d4 21. Re4 b5 22. Nxd4 Bb7 23. Rg4 h5 0-1

[Event "AUTO-ADV-1245"]
[Site "http://www.queenalice.com/game.php?id=575818"]
[Date "2009.4.22"]
[Round "2"]
[White "strangy"]
[Black "kingg"]
[Result "1-0"]
[WhiteElo "1789"]
[BlackElo "1766"]

1. d4 d5 2. c4 dxc4 3. e4 b5 4. a4 b4 5. Bxc4 e6 6. Nf3 Nf6 7. Qe2 Nc6 8. Bb5
Bb7 9. Qc4 Qd7 10. Ne5 Qd8 11. Bxc6+ Bxc6 12. Qxc6+ Ke7 13. O-O Rc8 14. Qb7 Qd6
15. Qxc8 Nxe4 16. Bf4 Qd5 17. Qxc7+ Kf6 18. Qxf7# 1-0